La composición escrita de 3 a 16 años

Сохранить в:
Библиографические подробности
Главные авторы: Anguita, Marisol (Автор), Camps, Anna (Автор), Casaseca, Salustiano (Автор), Fernández Chacón, Ana (Автор), Guasch, Oriol (Автор), Martínez López, María Victoria (Автор), Menoyo, María del Pilar (Автор), Morist, Carme (Автор), Pañella, Oriol (Автор), Pedrosa, MontSerrat (Автор), Piñan, Berta (Автор), Poch, Assumpta (Автор), Ramírez Palau, Rosa María (Автор), Ramos, Joaquín (Автор), Rexach, Mercé (Автор), Solé, Isabel (Автор), Teberosky, Ana (Автор)
Другие авторы: Nemirovsky, Myriam (autora)
Формат:
Язык:испанский
Опубликовано: Barcelona Grao 2004
Редактирование:1a. ed
Серии:Claves para la Innovación Educativa, 28
Предметы:
Метки: Добавить метку
Нет меток, Требуется 1-ая метка записи!

MARC

LEADER 00000nam a2200000 a 4500
001 UCI5279
003 CL-VaPUC
008 080320e20040000SP |||||||||||||||||spa|d
020 |a 8478273328 
082 0 4 |a 372.623  |b ANG  |2 21 
100 0 |a Anguita, Marisol  |e author  |9 527515 
700 0 |a Camps, Anna  |e author  |9 226 
700 0 |a Casaseca, Salustiano  |e author  |9 527516 
700 0 |a Fernández Chacón, Ana  |e author  |9 527517 
700 0 |a Guasch, Oriol  |e author  |9 527518 
700 0 |a Martínez López, María Victoria  |e author  |9 527519 
700 0 |a Menoyo, María del Pilar  |e author  |9 527520 
700 0 |a Morist, Carme  |e author  |9 527521 
700 |a Nemirovsky, Myriam  |e autora  |9 536777 
700 0 |a Pañella, Oriol  |e author  |9 527523 
700 0 |a Pedrosa, MontSerrat  |e author  |9 527524 
700 0 |a Piñan, Berta  |e author  |9 527525 
700 0 |a Poch, Assumpta  |e author  |9 527526 
700 0 |a Ramírez Palau, Rosa María  |e author  |9 527527 
700 0 |a Ramos, Joaquín  |e author  |9 527528 
700 0 |a Rexach, Mercé  |e author  |9 527529 
700 0 |a Solé, Isabel  |e author  |9 527530 
700 0 |a Teberosky, Ana  |e author  |9 527531 
245 1 3 |a La composición escrita de 3 a 16 años 
250 |a 1a. ed 
300 |a 150 p 
942 |c BK 
945 |d 20080320 00:00:00  |a rbrito 
260 |a Barcelona  |b Grao  |c 2004 
650 0 |a Enseñanza de la escritura  |9 307377 
650 0 |a Escritura  |9 264941 
650 7 |a COMPOSICION  |2 CL-VaPUC  |9 262958 
650 0 |a Métodos de enseñanza  |9 270413 
650 0 |a Lectura  |9 307634 
650 0 |a Educación básica   |9 224933 
583 |a last modification  |c 20080320 00:00:00  |k Rodrigo Vera 
490 0 |a Claves para la Innovación Educativa, 28 
999 |c 329033  |d 329031 
952 |0 0  |1 0  |4 0  |6 372_623000000000000_ANG_2004  |7 0  |8 A  |9 413310  |a FDOPOS  |b FDOPOS  |d 2019-11-22  |i 4418387  |o 372.623 ANG 2004  |p 4418387  |r 2025-01-22  |w 2019-11-22  |y BK  |k MLA